Holbeach Plant Hire Ltd ; and HPH-Mitchell Joint Venture v Anglian Water Authority (Record no. 14391)
[ view plain ]
| 000 -LEADER | |
|---|---|
| fixed length control field | 01414cab a2200193 4500 |
| 001 - CONTROL NUMBER | |
| control field | ABS40095 |
| 008 - FIXED-LENGTH DATA ELEMENTS--GENERAL INFORMATION | |
| fixed length control field | 090401t1988 xxu||||| |||| 00| 0 eng d |
| 035 ## - SYSTEM CONTROL NUMBER | |
| System control number | (Sirsi) u21437 |
| 041 ## - LANGUAGE CODE | |
| Language code of text/sound track or separate title | eng |
| 245 ## - TITLE STATEMENT | |
| Title | Holbeach Plant Hire Ltd ; and HPH-Mitchell Joint Venture v Anglian Water Authority |
| 260 ## - PUBLICATION, DISTRIBUTION, ETC. | |
| Date of publication, distribution, etc. | 1988 |
| 350 ## - PRICE (NR) (BK AM CF MU VM SE) [OBSOLETE] | |
| Price | 0 |
| 490 ## - SERIES STATEMENT | |
| Series statement | Construction Industry Law Letter |
| Volume/sequential designation | (1988) JPL 448(1) |
| 520 ## - SUMMARY, ETC. | |
| Summary, etc. | ORC 18 January 1988 Appeal from arbitration award on the issue whether the claimants could claim interest on sums certified late as special damages . Arbitrator concluded that in order to succeed the claimants had to establish an entitlement to special damages, and that financing charges were a normal part of most building contracts and so must be deemed to be within the parties` contemplation as a natural result in the ordinary course of things from any breach of contract. On that basis they only entitle the claimant to general damages which cannot include interest. Claimants contended that arbitrator was wrong in holding that financial charges only entitled the injured party to general damages and that particulars of special facts had to be pleaded. ORC held that the arbitrator had adopted the wrong criterion and accordingly the arbitration was remitted back to him. |
| 650 ## - SUBJECT ADDED ENTRY--TOPICAL TERM | |
| Topical term or geographic name entry element | LATE CERTIFICATION |
| 690 ## - LOCAL SUBJECT ADDED ENTRY--TOPICAL TERM (OCLC, RLIN) | |
| Topical term or geographic name as entry element | BUILDING AND CONSTRUCTION-CASE LAW |
| 942 ## - ADDED ENTRY ELEMENTS (KOHA) | |
| Suppress in OPAC | 0 |
| 948 ## - LOCAL PROCESSING INFORMATION (OCLC); SERIES PART DESIGNATOR (RLIN) | |
| c (OCLC) | 04/03/1997 |
| Withdrawn status | Lost status | Source of classification or shelving scheme | Damaged status | Not for loan | Home library | Current library | Shelving location | Date acquired | Total Checkouts | Full call number | Barcode | Date last seen | Copy number | Price effective from | Koha item type |
|---|---|---|---|---|---|---|---|---|---|---|---|---|---|---|---|
| Dewey Decimal Classification | London | London | Journal article | 14/09/1999 | ABS40095 | 21437-1001 | 06/08/2019 | 1 | 06/08/2019 | Law report |